Asia's "miracle" economies

שמור ב:
מידע ביבליוגרפי
מחבר ראשי: Woronoff, Jon
פורמט: ספר
שפה:Undetermined
יצא לאור: Tokyo Lotus Press 1986
נושאים:
תגים: הוספת תג
אין תגיות, היה/י הראשונ/ה לתייג את הרשומה!
Thư viện lưu trữ: Trung tâm Học liệu Trường Đại học Cần Thơ
LEADER 00498nam a2200193Ia 4500
001 CTU_92773
008 210402s9999 xx 000 0 und d
082 |a 338.959 
082 |b W929 
100 |a Woronoff, Jon 
245 0 |a Asia's "miracle" economies 
245 0 |c Jon Woronoff 
260 |a Tokyo 
260 |b Lotus Press 
260 |c 1986 
650 |a Economic conditions 
650 |z Asia, southeastern 
904 |i Bằng 
980 |a Trung tâm Học liệu Trường Đại học Cần Thơ